Indice de los `Documentos` de Odriozola / (Record no. 132236)

MARC details
000 -LEADER
campo de control de longitud fija 00622nam a2200181 4500
001 - NÚMERO DE CONTROL
campo de control 132236
003 - IDENTIFICADOR DE NÚMERO DE CONTROL
campo de control ES-MaACL
005 - FECHA Y HORA DE LA ÚLTIMA TRANSACCIÓN
campo de control 20230906194132.0
007 - CAMPO FIJO DE DESCRIPCIÓN FÍSICA--INFORMACIÓN GENERAL
campo de control de longitud fija t|
008 - DATOS DE LONGITUD FIJA--INFORMACIÓN GENERAL
campo de control de longitud fija 070214s1946 pe r ||||1| spa d
100 1# - ENTRADA PRINCIPAL--NOMBRE DE PERSONA
Nombre de persona Romero, Emilia.
9 (RLIN) 99319
245 10 - MENCIÓN DEL TÍTULO
Título Indice de los `Documentos` de Odriozola /
Mención de responsabilidad, etc. por Emilia Romero.
260 ## - PUBLICACIÓN, DISTRIBUCIÓN, ETC.
Lugar de publicación, distribución, etc. Lima :
Nombre del editor, distribuidor, etc. Cia. de Impresiones y Publicidad,
Fecha de publicación, distribución, etc. 1946.
300 ## - DESCRIPCIÓN FÍSICA
Extensión 193 p. ;
Dimensiones 25 cm.
500 ## - NOTA GENERAL
Nota general Es tirada aparte del Boletín Bibliográfico de la Universidad de San Marcos de Lima.
710 2# - ENTRADA AGREGADA--NOMBRE DE ENTIDAD CORPORATIVA
Nombre de entidad corporativa o nombre de jurisdicción como elemento de entrada Universidad Nacional Mayor de San Marcos.
9 (RLIN) 7431
852 ## - LOCALIZACIÓN
Ubicación ES-MaACL
Número de control de estantería C-5559
Sublocalización o colección R.26105
Holdings
Estatus retirado Estado de pérdida Estado de daño No para préstamo Biblioteca de origen Biblioteca actual Ubicación en estantería Fecha de adquisición Fuente de adquisición Total de préstamos Signatura topográfica completa Código de barras Visto por última vez Precio de reemplazo Tipo de ítem Koha
        Biblioteca del Ateneo de Madrid Biblioteca del Ateneo de Madrid Sala Palomar 17/01/2008     C-5559 1137671 23/02/2023 23/02/2023 Libro impreso